Catálogo

Vista normal Vista MARC

Entrada Personal Name

Número de registros utilizados en: 2

001 - CONTROL NUMBER

  • control field: 16155

003 - CONTROL NUMBER IDENTIFIER

  • control field: DLC

005 - DATE AND TIME OF LATEST TRANSACTION

  • control field: 20240910161428.0

008 - FIXED-LENGTH DATA ELEMENTS

  • fixed length control field: 950814n| azannaabn |n aaa c

010 ## - LIBRARY OF CONGRESS CONTROL NUMBER

  • LC control number: nr 95029680

035 ## - SYSTEM CONTROL NUMBER

  • System control number: (OCoLC)oca03898489

040 ## - CATALOGING SOURCE

  • Original cataloging agency: UPB
  • Language of cataloging: spa
  • Description conventions: rda
  • Transcribing agency: Mx-PuUPA
  • Modifying agency: UPB
  • Modifying agency: OCoLC
  • Modifying agency: CLSU
  • Modifying agency: Mx-PuUPA

046 ## - SPECIAL CODED DATES

  • Birth date: 19720104

053 #0 - LC CLASSIFICATION NUMBER

  • Classification number element--single number or beginning number of span: PQ7298.15.S6357

100 1# - HEADING--PERSONAL NAME

  • Personal name: Esquinca, Bernardo,
  • Dates associated with a name: 1972-

370 ## - ASSOCIATED PLACE

  • Place of birth: Guadalajara, México

374 ## - OCCUPATION

  • Occupation: Novelista
  • Occupation: Ensayista
  • Occupation: Autor
  • Source of term: lcsh

375 ## - GENDER

  • Gender: hombre

377 ## - ASSOCIATED LANGUAGE

  • Language code: spa

670 ## - SOURCE DATA FOUND

  • Source citation: La mirada encendida, 1993:
  • Information found: title page (Bernardo Esquinca) flap (b. 1972)

670 ## - SOURCE DATA FOUND

  • Source citation: Spanish Wikipedia, Apr. 8, 2013:
  • Information found: (Bernardo Esquinca, b. Guadalajara, 1972; Mexican writer; writes novels, short stories and essays)

670 ## - SOURCE DATA FOUND

  • Source citation: Instituto Nacional de Bellas Artes y Literatura (Mexico) WWW site, Apr. 11, 2013
  • Information found: (Esquinca, Bernardo) Catálogo de escritores (Bernardo Esquinca, b. Guadalajara, Jalisco, Jan. 4, 1972)